Normal view
MARC view
- Bhutada Shruti P - 2k141101; Dr.S.U Gawade - Guide & [Company Name] - Kotak Securities Limited
Entry Personal Name
001 - CONTROL NUMBER
- control field: 103734
003 - CONTROL NUMBER IDENTIFIER
- control field: OSt
005 - DATE AND TIME OF LATEST TRANSACTION
- control field: 20221007220649.0
008 - FIXED-LENGTH DATA ELEMENTS
- fixed length control field: 221007|| aca||aabn | a|a d
040 ## - CATALOGING SOURCE
- Original cataloging agency: OSt
- Transcribing agency: OSt
100 ## - HEADING--PERSONAL NAME
- Personal name: Bhutada Shruti P - 2k141101; Dr.S.U Gawade - Guide & [Company Name] - Kotak Securities Limited
670 ## - SOURCE DATA FOUND
- Source citation: Work cat.: (OSt)75060: Bhutada Shruti P - 2k141101; Dr.S.U Gawade - Guide & [Company Name] - Kotak Securities Limited, Fundamental Analysis of Banking Sector With Refernce to Securities Market, Sep-15